Master of the maps (Record no. 73638)
[ view plain ]
| 000 -LEADER | |
|---|---|
| fixed length control field | 00973cam a2200205 4500 |
| 001 - CONTROL NUMBER | |
| control field | ABS67157 |
| 008 - FIXED-LENGTH DATA ELEMENTS--GENERAL INFORMATION | |
| fixed length control field | 031023n2003 000 0 eng u |
| 035 ## - SYSTEM CONTROL NUMBER | |
| System control number | (Sirsi) u123987 |
| 100 ## - MAIN ENTRY--PERSONAL NAME | |
| Personal name | Sparks, A. |
| 245 ## - TITLE STATEMENT | |
| Title | Master of the maps |
| 260 ## - PUBLICATION, DISTRIBUTION, ETC. | |
| Date of publication, distribution, etc. | 2003 |
| 490 ## - SERIES STATEMENT | |
| Series statement | New Civil Engineer |
| Volume/sequential designation | (1498) 4 September 2003, 22(1) |
| 520 ## - SUMMARY, ETC. | |
| Summary, etc. | Examines the use of IT in accessing hydrological data for use in designing drainage. A design tool called Masterdrain helps identify local hydrological constants which are peculiar to each location. using HR Wallingford national information maps. The programme is primarily for surface water but can also cope with foul water and can be used to design infiltration, storage and soakaways. Further information can be found at http://www.mstdrain.co.uk. |
| 590 ## - LOCAL NOTE (RLIN) | |
| Local note | ABS |
| 650 ## - SUBJECT ADDED ENTRY--TOPICAL TERM | |
| Topical term or geographic name entry element | DRAINAGE SYSTEMS |
| 650 ## - SUBJECT ADDED ENTRY--TOPICAL TERM | |
| Topical term or geographic name entry element | HYDROLOGY |
| 650 ## - SUBJECT ADDED ENTRY--TOPICAL TERM | |
| Topical term or geographic name entry element | MAPS |
| 690 ## - LOCAL SUBJECT ADDED ENTRY--TOPICAL TERM (OCLC, RLIN) | |
| Topical term or geographic name as entry element | ENVIRONMENTAL AND LAND CONSULTANCY-ENVIRONMENTAL MANAGEMENT |
| 942 ## - ADDED ENTRY ELEMENTS (KOHA) | |
| Suppress in OPAC | 0 |
| Withdrawn status | Lost status | Source of classification or shelving scheme | Damaged status | Not for loan | Home library | Current library | Shelving location | Date acquired | Total Checkouts | Full call number | Barcode | Date last seen | Copy number | Price effective from | Koha item type |
|---|---|---|---|---|---|---|---|---|---|---|---|---|---|---|---|
| Dewey Decimal Classification | London | London | Journal article | 23/10/2003 | ABS67157 | 123987-1001 | 06/08/2019 | 1 | 06/08/2019 | Journal article |